[Event "CHN-ch Blitz Open 2018"]
[Site "Tianjin"]
[Date "2018.06.08"]
[Round "7.6"]
[White "Chen, Qi B"]
[Black "Lu, Shanglei"]
[Result "0-1"]
[WhiteElo "2401"]
[BlackElo "2656"]
[Annotator "TA"]
[PlyCount "98"]
[EventDate "2018.06.07"]
[EventType "blitz"]
[EventRounds "9"]
[EventCountry "CHN"]
[SourceTitle "playchess.com"]
[Source "ChessBase"]
[SourceQuality "1"]

{[%evp 13,98,20,18,16,27,28,41,19,52,69,64,0,0,0,22,30,20,-15,-24,-3,-22,-47,-29,-53,-42,-33,-28,-49,-51,-61,-37,-24,-33,-25,0,0,-7,-53,-42,-81,0,0,45,30,46,0,0,0,62,0,0,0,0,-134,-43,-55,-26,-26,-32,-25,-22,-86,-89,-95,-93,-64,0,-147,-62,-781,-781,-781,-773,-29997,-870,-811,-721,-696,-687,-664,-650,-29984,-29985,-29985,-29986,-29997,-29998]} 1. e4 c5 2. Nf3 d6 3. d4 cxd4 4. Nxd4 Nf6 5. Nc3 a6 6. h3 e5 7. Nde2 b5 8. g4 {[%cal Bg2g4,Bg4g5][%mdl 32] B90: Sicilian Najdorf: Unusual White 6th moves, 6 Be3 Ng4 and 6 Be3 e5} (8. Ng3 Qc7 9. Bd3 g6 10. O-O Bg7 11. Bd2 O-O 12. a4 b4 13. Na2 a5 14. c3 bxc3 15. Nxc3 Be6 {½-½ (40) Svidler,P (2760)-Khismatullin,D (2632) Sochi 2018}) 8... Bb7 9. Bg2 Nbd7 10. Ng3 {White is slightly better.} g6 $146 ({Predecessor:} 10... Nb6 11. O-O Rc8 12. g5 Rxc3 13. bxc3 Nfd7 14. c4 Nxc4 15. a4 h6 16. axb5 axb5 {1-0 (37) Antoniewski,R (2536)-Bertagnolli,A (2370) Ortisei 2012}) 11. g5 b4 12. Nd5 (12. Nce2 $14 Ng8 13. Be3) 12... Nxd5 $11 13. exd5 h6 14. h4 hxg5 15. hxg5 Rxh1+ 16. Bxh1 Be7 $36 {[%mdl 2048] Black fights for an advantage.} 17. Qg4 a5 18. a3 Qc7 19. Qd1 Rc8 20. Be4 Nc5 21. Bf3 Qd8 (21... b3 $5 22. c4 Qd8 $15) 22. axb4 axb4 23. Qd2 Qb6 24. Ne4 Kf8 25. Nf6 Kg7 26. Qe3 Qc7 (26... Rh8 $17 27. Ne4 Rc8) 27. Bd2 Rh8 28. Bxb4 Nd7 29. Nxd7 Qxd7 30. Ra7 Qb5 ({Black should try} 30... Rh3 $11) 31. c3 (31. Ba3 $14 Rc8 32. c4 Rxc4 33. Be2 Bxg5 34. Qxg5) 31... Rh3 32. Qe2 Qb6 33. Ra5 (33. Qe3 $11 {was the only way to keep the balance.} Qb5 34. Qe2) 33... Bxg5 (33... Bc8 $17 34. Ra8 Qb7) 34. Rb5 $1 $15 {[%cal Rb5b6]} Qc7 {[#]} 35. Bxd6 $1 {[%mdl 512]} Qxd6 36. Rxb7 Bh4 37. Kd1 (37. Bg2 $11 Rh2 38. Qf3) 37... Rh2 $17 38. Qc4 Rxf2 39. Be2 Qf6 ({Black should play} 39... Qd8 $15 40. Kc2 Qa8) 40. Qd3 (40. Rb8 $11) 40... Bg5 ({Better is} 40... Qg5 $17 {Strongly threatening ...Qg1+.} 41. Rb4 Qg1+ 42. Kc2 Qh2) 41. d6 $2 {[%mdl 8192]} (41. Rb4 $15) 41... Qf4 $19 {[%csl Gg5][%cal Rf4c1] [#]} 42. Kc2 Qg4 43. Kd1 Qg1+ (43... Rf1+ $142 44. Kc2 Qa4+ 45. Rb3 Rc1#) 44. Kc2 Qe1 45. Kb3 Rxe2 46. Qd5 Qf2 47. d7 Rxb2+ {Black mates.} 48. Ka4 Qc2+ 49. Ka3 Be7+ {Precision: White = 44%, Black = 35%.} 0-1

[Event "CHN-ch Blitz Open 2018"]
[Site "Tianjin"]
[Date "2018.06.08"]
[Round "7.7"]
[White "Fang, Yuxiang"]
[Black "Liu, Yan"]
[Result "1/2-1/2"]
[WhiteElo "2443"]
[BlackElo "2466"]
[Annotator "TA"]
[PlyCount "42"]
[EventDate "2018.06.07"]
[EventType "blitz"]
[EventRounds "9"]
[EventCountry "CHN"]
[SourceTitle "playchess.com"]
[Source "ChessBase"]
[SourceQuality "1"]

{[%evp 29,42,6,5,6,12,0,0,0,0,0,0,0,0,0,0]} 1. Nf3 Nf6 2. c4 b6 3. g3 Bb7 4. Bg2 g6 5. b3 Bg7 6. Bb2 O-O 7. O-O c5 8. Nc3 d5 9. Nxd5 Nxd5 10. Bxg7 Kxg7 11. cxd5 Qxd5 12. d4 cxd4 13. Qxd4+ Qxd4 14. Nxd4 Bxg2 {A30: Symmetrical English: Double Fianchetto and Hedgehog} 15. Kxg2 Nd7 {LiveBook: 3 Games. The position is equal.} (15... a5 16. Rac1 Na6 17. Rc6 Rab8 18. a3 Rfd8 19. e3 Rb7 20. f4 Nc5 21. Kf3 Re8 22. b4 axb4 23. axb4 {½-½ (40) Pantsulaia,L (2607)-Vachier Lagrave,M (2804) Doha 2016}) 16. Rac1 Rac8 17. Nc6 $146 ({Predecessor:} 17. Nb5 a5 18. Rfd1 Rxc1 19. Rxc1 Nc5 20. Kf3 Rd8 21. Ke3 Rd5 22. Nc3 Rd6 {½-½ (22) Narkun,M (2276)-Buzas,G (2249) LSS email 2009}) 17... Nc5 18. Nxa7 Ra8 19. b4 Rxa7 20. bxc5 bxc5 21. Rxc5 Rxa2 1/2-1/2

[Event "CHN-ch Blitz Open 2018"]
[Site "Tianjin"]
[Date "2018.06.08"]
[Round "7.8"]
[White "Zeng, Chongsheng"]
[Black "Li, Di"]
[Result "1-0"]
[WhiteElo "2477"]
[BlackElo "2338"]
[Annotator "TA"]
[PlyCount "63"]
[EventDate "2018.06.07"]
[EventType "blitz"]
[EventRounds "9"]
[EventCountry "CHN"]
[SourceTitle "playchess.com"]
[Source "ChessBase"]
[SourceQuality "1"]

{[%evp 32,63,22,46,128,144,161,165,184,177,151,171,165,150,152,148,145,130,185,192,280,172,417,409,529,523,650,643,766,742,2096,913,4978,3773]} 1. d4 Nf6 2. c4 e6 3. Nc3 d5 4. Nf3 c6 5. Bg5 Nbd7 6. e3 Be7 7. Bd3 O-O 8. O-O h6 9. Bh4 dxc4 10. Bxc4 b5 11. Bd3 Bb7 12. Rc1 a6 13. a4 Rc8 {D66: Queen's Gambit Declined: Classical: Main Line (7 Rc1 c6 8 Bd3)} (13... b4 14. Ne4 Nxe4 15. Bxe7 Nxf2 16. Bh7+ Kh8 17. Bxd8 Nxd1 18. Rfxd1 Rfxd8 19. Be4 Rac8 20. Nd2 Nf6 21. Bf3 {1-0 (41) Zhukova,N (2426)-Atalik,E (2468) Antalya 2017}) 14. Qe2 b4 15. Bxf6 Nxf6 16. Ne4 Nxe4 17. Bxe4 {LiveBook: 5 Games} Qa5 (17... Qc7 $14) 18. Ne5 $16 Qxa4 {[#]} 19. Nd7 $1 Rfd8 $146 ({Predecessor:} 19... Qa5 20. Nxf8 Bxf8 21. Qf3 Qb6 22. g4 Be7 23. b3 {1-0 (70) Sliwerski,R (2192)-Smolka,M (1891) Mrzezyno 2011}) 20. Nb6 $1 {[%csl LRa4,LRc8]} Qa5 21. Nxc8 Rxc8 22. Qc4 Qb6 23. Ra1 {[%cal Bc1a1,Ba1a5,Ba5a8][%mdl 32]} a5 24. Rfc1 Bf8 (24... Ba6 $16 25. Qc2 Bb5 26. Bh7+ Kf8) 25. h3 $18 {[%cal Bh2h3,Bh3h4][%mdl 32]} Rc7 (25... Ra8 $142 26. Qc2 Bd6) 26. h4 c5 $2 {[#]} (26... Ba8 {might work better.} 27. Qe2 Ra7) 27. Bxb7 Qxb7 28. Rxa5 {White is clearly winning.} Qe4 29. dxc5 {[%cal Bd4c5,Bc5c6][%mdl 32]} Qf5 30. Qxb4 Rd7 31. c6 Qf6 32. Ra8 {Precision: White = 64%, Black =  9%.} 1-0

[Event "CHN-ch Blitz Open 2018"]
[Site "Tianjin"]
[Date "2018.06.08"]
[Round "7.9"]
[White "Xu, Yi"]
[Black "Peng, Xiongjian"]
[Result "1-0"]
[WhiteElo "2455"]
[BlackElo "2321"]
[Annotator "TA"]
[PlyCount "103"]
[EventDate "2018.06.07"]
[EventType "blitz"]
[EventRounds "9"]
[EventCountry "CHN"]
[SourceTitle "playchess.com"]
[Source "ChessBase"]
[SourceQuality "1"]

{[%evp 13,103,31,53,36,47,47,30,41,38,34,31,33,63,-7,0,-12,-15,-1,0,-41,-41,-37,-30,-41,-36,-42,-48,-141,-24,-10,-21,-62,-72,-112,-43,-38,-41,-65,0,-8,145,-52,0,-14,551,16,540,5,45,0,0,0,17,16,25,0,7,0,0,0,0,0,0,0,20,20,301,267,586,350,827,815,6170,579,414,0,5531,5197,2218,1272,1123,0,1651,0,996,847,1855,1497,5314,5106,29975,29975]} 1. e4 e5 2. Nf3 Nc6 3. Bc4 Nf6 4. d3 Be7 5. O-O d6 6. a4 O-O 7. Re1 Kh8 8. a5 {C55: Two Knights: 4 d3, 4 d4 exd4 5 e5 and Max Lange Attack} (8. h3 Ng8 9. Nc3 f5 10. Nd5 Nf6 11. Ng5 Nxd5 12. Nxh7 Nf6 13. Nxf6 g6 14. Nd5 f4 15. c3 Kg7 {½-½ (34) Kryvoruchko,Y (2703)-Maghsoodloo,P (2615) Sharjah 2018}) 8... a6 9. h3 Ng8 10. Nc3 {White has an edge.} f5 11. Nd5 fxe4 12. dxe4 Nf6 13. Nxf6 $146 (13. c3 $14) ({Predecessor:} 13. Ng5 Nxd5 14. Nxh7 Rf4 15. g3 Qe8 16. Qxd5 {1-0 (46) Sikula,V (2515)-Marzolo,C (2472) Nancy 2007}) 13... Bxf6 $11 14. c3 Qe8 15. Nh2 Qg6 16. Ng4 Bh4 {Strongly threatening ...h5.} 17. g3 h5 $36 {[%mdl 2048] Black has good play.} 18. gxh4 hxg4 19. Bg5 $1 gxh3 20. Qe2 (20. Re3 $15) 20... Be6 (20... Rf4 $1 $17 {[%cal Rf4h4] Threatens to win with ...Rxh4.} 21. Kh2 Bg4) 21. Bxe6 Qxe6 22. Qh5+ Kg8 {aiming for ...d5.} 23. Re3 Rf7 ({Black should play} 23... h2+ $1 $17 24. Kg2 Rf7) 24. Rg3 $1 $15 Raf8 25. Be3 Qc4 (25... Nd8 $15) 26. Qg4 $1 $11 {Bh6 is the strong threat.} Ne7 $2 {[#]} (26... Nd8 $11) 27. h5 $2 ({White should try} 27. Bh6 $1 $16) 27... Kh7 (27... d5 $15) 28. Kh2 Ng8 $2 {[%mdl 8192]} (28... d5 $11) 29. Qg6+ $18 Kh8 30. Rag1 $2 (30. h6 $18 {[%cal Rh6g7]} gxh6 31. Bxh6) 30... Qe2 31. Kxh3 Ne7 ({Much worse is} 31... Qxb2 $6 32. h6 $16) 32. Qg4 Qxg4+ 33. Rxg4 Ng8 34. Rg6 Kh7 35. b4 Nf6 36. h6 Rg8 37. f3 Ne8 38. R1g3 Rxf3 {[#]} 39. Rxg7+ $1 {[%mdl 512]} Rxg7 $4 {[%mdl 8192]} (39... Nxg7 $11 {and Black stays safe.} 40. Rxf3 Ne6) 40. Rxf3 $11 {[%mdl 4096] Endgame KRB-KRN} Re7 $2 (40... Rg8 {is more resistant.} 41. Rf7+ Kg6) 41. Rf8 c6 $2 (41... Re6 42. Rf7+ Kg8 43. h7+ Kh8) 42. Kg4 $18 Kg6 43. Rg8+ (43. Bg5 $142 Re6 44. c4) 43... Kh7 44. Rf8 (44. Bg5 $142) 44... Kg6 45. Bg5 Re6 46. Rg8+ Kh7 47. Rf8 Kg6 48. Rg8+ Kh7 {[#]} 49. Kf5 $1 {Black must now prevent Rf8.} Kxg8 50. Kxe6 Kh7 51. Kd7 Nf6+ 52. Bxf6 {Precision: White = 47%, Black = 32%.} 1-0

[Event "CHN-ch Blitz Open 2018"]
[Site "Tianjin"]
[Date "2018.06.08"]
[Round "7.10"]
[White "Li, Yankai"]
[Black "Zhao, Yuanhe"]
[Result "1-0"]
[WhiteElo "2337"]
[BlackElo "2407"]
[Annotator "TA"]
[PlyCount "91"]
[EventDate "2018.06.07"]
[EventType "blitz"]
[EventRounds "9"]
[EventCountry "CHN"]
[SourceTitle "playchess.com"]
[Source "ChessBase"]
[SourceQuality "1"]

{[%evp 17,91,31,39,47,62,64,86,79,80,70,77,80,96,67,67,39,40,2,0,-12,35,-160,-20,-8,25,37,52,28,224,237,300,297,307,15,32,0,554,550,583,577,567,577,594,564,583,500,583,573,523,456,591,571,557,510,624,624,753,741,1474,1473,1405,1309,1454,1366,1345,1196,2384,2197,2033,1811,29987,29988,29992,29983,29990,8304]} 1. d4 d5 2. c4 c6 3. Nf3 Nf6 4. e3 g6 5. Nc3 Bg7 6. Be2 O-O 7. O-O b6 8. b4 Bb7 {D94: Grünfeldindisch (Geschlossenes System)} 9. Qb3 (9. a4 dxc4 10. Bxc4 Nd5 11. Na2 c5 12. b5 Nd7 13. Bb2 Rc8 14. Rc1 e6 15. Re1 cxd4 16. Bxd4 {1-0 (79) Mareco,S (2635)-Zhao,J (2599) Hanoi 2018}) 9... e6 {LiveBook: 3 Partien} 10. a4 a6 $146 {Weiß steht etwas besser.} ({Vorgänger:} 10... Nbd7 11. Ba3 Re8 12. Rac1 Rc8 13. Rfd1 a6 14. h3 Bf8 15. Rc2 Qc7 16. Rdc1 {½-½ (47) Diermair,A (2468)-Kessler,L (2455) Austria 2017}) 11. c5 b5 12. Bb2 Nbd7 13. Ra3 Qc7 14. Rfa1 Rfe8 15. Qa2 h6 16. Nd2 e5 17. Nb3 exd4 18. exd4 Ne4 19. Bf1 $2 {[#]} (19. Nxe4 $14 {bleibt weiter vorne.} Rxe4 20. Bd3 bxa4 21. Rxa4) 19... Ndf6 ({Günstiger ist} 19... Nxf2 $1 $17 {[%mdl 512] Droht ...Sg4 und aus.} 20. Kxf2 bxa4) 20. f3 $11 Nxc3 21. Bxc3 Kh7 22. Na5 Bc8 $2 {[#]} (22... Rab8 $11) 23. Nxc6 $1 $18 {[%mdl 512]} Qxc6 24. axb5 Qe6 25. bxa6 $2 (25. Re1 $18 Qxe1 26. Bxe1 Rxe1 27. Kf2 (27. bxa6 Ng4 $11)) 25... Bxa6 26. Re1 Qc8 $2 {[%mdl 8192]} (26... Qxe1 $1 $11 27. Bxe1 Rxe1 28. Rxa6 Ng4) 27. Rxa6 Rxa6 28. Qxa6 Qb8 29. Qb5 Qc8 30. Rxe8 Nxe8 31. Qd3 Nc7 32. b5 Ne6 {Falls Schwarz jetzt zu ...Sxc5 käme, bestünde noch etwas Hoffnung.} 33. Qe3 Qc7 34. b6 Qc6 35. g3 h5 36. h4 Bh6 37. Qd3 Qa4 38. b7 Qb3 39. c6 Bg7 40. Kg2 Bf6 41. Bd2 Qb2 42. Qc3 Qb6 43. Qb4 Qa7 44. b8=Q {Weiß setzt Matt.} Qa1 45. Qb2 Qd1 46. Q8b3 {Precision: Weiß = 50%, Schwarz = 30%.} (46. c7 $142 Nxc7 47. Qxc7 Kg7 48. Qf4 g5 49. hxg5 Bd8 {[#]} 50. g6 $1 {[%mdl 512]} Qxd2+ 51. Qbxd2) 1-0

[Event "CHN-ch Blitz Open 2018"]
[Site "Tianjin"]
[Date "2018.06.08"]
[Round "7.11"]
[White "Ma, Zhonghan"]
[Black "Zhao, Jun"]
[Result "0-1"]
[WhiteElo "2489"]
[BlackElo "2585"]
[Annotator "TA"]
[PlyCount "48"]
[EventDate "2018.06.07"]
[EventType "blitz"]
[EventRounds "9"]
[EventCountry "CHN"]
[SourceTitle "playchess.com"]
[Source "ChessBase"]
[SourceQuality "1"]

{[%evp 14,48,17,0,3,7,7,9,14,10,8,8,8,8,8,0,2,0,0,-80,10,7,7,8,8,8,16,-450,-462,-613,-614,-614,-606,-601,-587,-753,-749]} 1. Nf3 c5 2. g3 Nc6 3. Bg2 g6 4. c3 Bg7 5. d4 cxd4 6. cxd4 d5 7. Nc3 Bg4 8. O-O Bxf3 {A04: Unusual lines after 1 Nf3 and King's Indian Attack} (8... e6 9. Ne5 Nxe5 10. dxe5 h5 11. h3 Bf5 12. e4 dxe4 13. Qa4+ Qd7 14. Qxd7+ Kxd7 15. Nxe4 Bxe4 16. Bxe4 Bxe5 {½-½ (37) Cvitan,O (2570)-Anand,V (2715) Munich 1994}) 9. Bxf3 e6 10. e3 Nge7 {The position is equal.} 11. b3 O-O 12. Bb2 Nf5 13. Rc1 $146 ({Predecessor:} 13. Na4 Nd6 14. Qe2 b6 15. Ba3 Qd7 16. Rac1 {½-½ (41) Brener,I (2316)-Yaremko,N (2254) Herceg Novi 2005}) 13... Rc8 14. Na4 h5 15. Nc5 Qe7 16. Qe2 {[#]} (16. Bg2 $11 {keeps the balance.}) 16... b6 (16... Bxd4 $1 $17 17. exd4 Ncxd4) 17. Nd3 Rc7 18. Rc2 Rfc8 {[%cal Rc6d4] Threatens to win with ...Ncxd4.} 19. Rfc1 Bh6 20. Qe1 $2 {[%mdl 8192] [#]} (20. Kg2 $11) 20... Ncxd4 $1 $19 {Black is clearly winning.} 21. Rxc7 Nxf3+ (21... Rxc7 22. exd4 Bxc1 23. Nxc1 $14) 22. Kh1 Rxc7 (22... Nxe1 23. Rxc8+ Bf8 24. Nxe1 $11) 23. Rxc7 Qxc7 ({Not} 23... Nxe1 24. Rxe7 Nxd3 25. Re8+ Bf8 26. Ba3 $17) 24. Qd1 Ng5 {Precision: White = 37%, Black = 63%.} 0-1

[Event "CHN-ch Blitz Open 2018"]
[Site "Tianjin"]
[Date "2018.06.08"]
[Round "7.12"]
[White "Chu, Wei Chao"]
[Black "Zhou, Jianchao"]
[Result "1-0"]
[WhiteElo "2297"]
[BlackElo "2591"]
[Annotator "TA"]
[PlyCount "57"]
[EventDate "2018.06.07"]
[EventType "blitz"]
[EventRounds "9"]
[EventCountry "CHN"]
[SourceTitle "playchess.com"]
[Source "ChessBase"]
[SourceQuality "1"]

{[%evp 10,57,5,-23,-23,-17,0,-19,-16,-63,0,-37,-43,-65,-62,-56,-17,-27,-40,-34,-26,-35,-41,-49,-49,-47,-49,-68,-50,-41,-36,-37,-25,-33,-25,-22,-12,-39,0,-23,0,18,8,29,258,258,337,21,7,14]} 1. d4 Nf6 2. c4 e6 3. Nf3 d5 4. g3 Bb4+ 5. Nbd2 dxc4 6. Bg2 b5 {E04: Open Catalan: 5 Nf3} 7. O-O (7. a4 c6 8. O-O O-O 9. Ne1 Nd5 10. e4 Nb6 11. a5 N6d7 12. e5 Bb7 13. Ne4 Na6 14. Bg5 {½-½ (44) Wang,H (2709)-Ding,L (2777) Huaian 2017}) 7... a5 8. a4 c6 9. Ne5 {[#] Threatens to win with axb5.} Ra6 (9... Nd5 $15) 10. Ndf3 $146 ({Predecessor:} 10. Ne4 Nxe4 11. Bxe4 f6 12. Nf3 O-O 13. b3 Nd7 14. Bf4 {0-1 (35) Carrasco Martinez,J (2410)-Perez Candelario,M (2499) Zafra 2004}) 10... O-O 11. Bd2 Bxd2 12. Qxd2 Nbd7 13. Nxd7 Nxd7 14. Qc2 Ra7 15. Rfd1 Qc7 16. b3 cxb3 17. Qxb3 b4 18. Rac1 Bb7 19. Nd2 Rd8 20. Ne4 Qb6 21. e3 h6 22. h4 Ba8 23. Nc5 e5 24. dxe5 Nxc5 25. Rxd8+ Qxd8 26. Rxc5 Rd7 $2 {[#]} (26... Qe7 $11 27. Qc4 b3) 27. e6 $1 $18 {[%cal Re6d7]} Rd3 28. e7 $2 (28. exf7+ $18 Kf8 29. Qe6) 28... Qxe7 $11 29. Qxd3 {[%mdl 32768] Precision: White = 42%, Black = 48%. . Loss on Time!?} 1-0

[Event "CHN-ch Blitz Open 2018"]
[Site "Tianjin"]
[Date "2018.06.08"]
[Round "7.13"]
[White "Ye, Rongguang"]
[Black "Lou, Yiping"]
[Result "0-1"]
[WhiteElo "2415"]
[BlackElo "2419"]
[Annotator "TA"]
[PlyCount "36"]
[EventDate "2018.06.07"]
[EventType "blitz"]
[EventRounds "9"]
[EventCountry "CHN"]
[SourceTitle "playchess.com"]
[Source "ChessBase"]
[SourceQuality "1"]

{[%evp 9,36,27,42,33,36,30,46,48,43,-1,100,25,25,-8,-6,0,-2,-472,-514,-485,-479,-501,-479,-615,-606,-722,-630,-850,-824]} 1. b4 c6 2. c4 e5 3. Bb2 d6 (3... e4 4. Qc2 d5 5. e3 Nf6 6. a3 Bf5 7. d4 Nbd7 8. h3 h5 9. Nd2 h4 10. Ne2 Be7 {0-1 (34) Maksic,D (2196)-Bogosavljevic,B (2507) Kragujevac 2014}) 4. e3 f5 5. d4 {[%cal Bd2d4,Bd4d5][%mdl 32]} e4 6. d5 $146 {A00: Irregular Openings} ({Predecessor:} 6. Be2 d5 7. c5 Nf6 8. Nh3 Be7 9. O-O O-O 10. a4 Ng4 11. b5 Rf6 {½-½ (24) Oliveira,L-Chang,S Brazil 1999}) 6... Nf6 7. Ne2 a5 8. b5 {White is slightly better.} c5 9. a4 Be7 (9... Nbd7 $11) 10. Nd2 (10. Nf4 $16) 10... O-O 11. g3 Nbd7 {[%cal Bb8d7,Bd7e5,Be5d3,Bd3b2][%mdl 32]} 12. Bg2 Ne5 {[#] Strongly threatening ...Nd3+.} 13. f3 $2 {[%mdl 8192]} (13. Ra3 $11 {and White has nothing to worry.}) 13... Nd3+ $19 {Black is clearly winning.} 14. Kf1 Nxb2 15. Qc2 Nd3 16. fxe4 fxe4 17. Nf4 Nb4 18. Qb2 g5 {Precision: White = 11%, Black = 57%.} 0-1

[Event "CHN-ch Blitz Open 2018"]
[Site "Tianjin"]
[Date "2018.06.08"]
[Round "7.14"]
[White "Xiang, Zeyu"]
[Black "Zhao, Zhouqiao Chn"]
[Result "0-1"]
[WhiteElo "2293"]
[BlackElo "2294"]
[Annotator "TA"]
[PlyCount "55"]
[EventDate "2018.06.07"]
[EventType "blitz"]
[EventRounds "9"]
[EventCountry "CHN"]
[SourceTitle "playchess.com"]
[Source "ChessBase"]
[SourceQuality "1"]

{[%evp 20,55,0,-7,0,-32,-30,-33,-16,-22,-20,-20,-16,-25,-28,-58,0,-77,-18,-14,-18,-99,-23,-32,-21,-99,0,-127,-119,-113,-112,-172,-131,-144,-97,-193,-159,-174]} 1. d4 d5 2. c4 dxc4 3. e3 a6 4. Bxc4 e6 5. Nf3 Nf6 6. O-O Be7 7. Nc3 {D26: Queen's Gambit Accepted: 4 e3 e6 5 Bxc5 c5 sidelines} b5 8. Be2 Bb7 9. b3 O-O 10. Bb2 Nbd7 11. Rc1 {LiveBook: 3 Games} c5 12. Qc2 Rc8 {[#] Hoping for ...cxd4.} (12... Qb6 13. Rfd1 Rfd8 14. dxc5 Nxc5 15. b4 Nce4 16. Nxe4 Bxe4 {½-½ (58) Adly,A (2599)-Grandelius,N (2643) Doha 2016}) 13. Qb1 Qb6 14. Rfd1 Rfd8 15. Qa1 cxd4 16. Nxd4 Nc5 $146 17. h3 Bf8 (17... b4 $15 18. Nb1 Nfe4) 18. Bf1 (18. b4 $11 {keeps the balance.} Ncd7 19. a4) 18... Nce4 ({Black should play} 18... b4 $17 19. Na4 Nxa4 20. bxa4 Ne4) 19. Nxe4 Nxe4 20. a4 (20. Rxc8 $11 Rxc8 21. Nf3) 20... b4 (20... Rxc1 $17 21. Rxc1 Nd2 22. axb5 axb5) 21. a5 $11 Qa7 22. Rc4 (22. Rxc8 $11 Rxc8 23. Bc4) 22... Bd5 (22... Rxc4 $17 23. Bxc4 Qc5) 23. Rxc8 (23. Nc6 $1 $11 Bxc6 24. Rxd8 Rxd8 25. Rxc6) 23... Rxc8 $17 24. Rc1 Nc5 25. Qa2 (25. Qb1 $17) 25... Qa8 26. Ba1 e5 27. Nf5 (27. Nf3 $17 {was worth a try.}) 27... Nxb3 28. Rxc8 {Precision: White = 39%, Black = 24%.} 0-1

[Event "CHN-ch Blitz Open 2018"]
[Site "Tianjin"]
[Date "2018.06.08"]
[Round "8.1"]
[White "Yu, Yangyi"]
[Black "Wang, Hao"]
[Result "1-0"]
[WhiteElo "2799"]
[BlackElo "2779"]
[Annotator "TA"]
[PlyCount "117"]
[EventDate "2018.06.07"]
[EventType "blitz"]
[EventRounds "9"]
[EventCountry "CHN"]
[SourceTitle "playchess.com"]
[Source "ChessBase"]
[SourceQuality "1"]

{[%evp 21,117,0,0,7,15,-1,24,38,32,22,38,19,38,38,27,18,27,25,84,68,71,52,55,35,79,78,79,53,222,229,225,219,215,217,221,215,241,231,354,354,358,348,359,354,359,346,348,346,333,327,352,347,456,456,456,450,486,451,526,500,442,0,482,518,681,674,781,668,1813,1652,1960,1714,4133,4133,2403,2120,4141,4141,4141,4141,4141,4133,29981,29982,29981,4133,29979,29976,29976,29977,29975,4129,29991,29992,29992,29993,29994,29995]} 1. d4 Nf6 2. c4 e6 3. Nc3 Bb4 4. Nf3 b6 5. Bd2 Bb7 6. e3 O-O 7. Bd3 d5 8. cxd5 exd5 9. Rc1 {E52: Nimzoindisch (Moderne Variante)} (9. O-O Be7 10. Ne5 c5 11. f4 Nc6 12. Qf3 cxd4 13. Nxc6 Bxc6 14. exd4 Ne4 15. Be3 Re8 16. Rac1 Bf6 17. f5 {½-½ (54) Yu,Y (2751)-Wang,H (2709) Riadh 2017}) 9... Be7 10. O-O c5 11. Ne5 Nc6 {LiveBook: 4 Partien} 12. Be1 (12. f4 cxd4 13. Nxc6 Bxc6 14. exd4 b5 15. f5 Qb6 {0-1 (29) Krasenkow,M (2628)-Wojtaszek,R (2750) Warsaw 2018}) 12... a6 13. f3 $146 ({Vorgänger:} 13. Kh1 Qd6 14. f4 cxd4 15. exd4 Nxd4 16. Bxh7+ Nxh7 17. Qxd4 {½-½ (34) Latib,Y (1846)-Florea,V (2084) LSS email 2011}) 13... cxd4 (13... b5 {feels hotter.} 14. Bb1 Rc8 15. Bf2 Re8 16. f4 cxd4 17. exd4 Na5) 14. Nxc6 Bxc6 15. exd4 Bb7 16. Bh4 Nh5 17. Bxe7 Qxe7 18. Qd2 Qd6 19. Ne2 $36 {[%mdl 2048] Weiss steht aktiver.} Rfe8 (19... g6 $11 {hält das Gleichgewicht.}) 20. g4 $16 Nf6 21. Ng3 g6 22. a3 Nd7 23. Qg5 Kh8 24. Rfe1 Qf6 $2 ({Lieber} 24... Rad8 $14) 25. Rxe8+ $18 Rxe8 26. Qxf6+ Nxf6 27. Rc7 Bc8 28. Rxf7 Nd7 29. Bxa6 Kg8 (29... Bxa6 $142 30. Rxd7 Re1+ 31. Kf2 Rb1 32. Rxd5 Rxb2+ 33. Ke3 Rxh2) 30. Bxc8 Kxf7 31. Bxd7 Re3 32. Kf2 Rb3 33. a4 Rxb2+ 34. Ne2 g5 35. Bb5 Ke6 36. Kg3 h6 37. h4 Rb3 38. h5 Rb4 39. Kf2 Rb2 40. Ke3 Rb3+ 41. Kf2 Rb2 {[#]} 42. f4 $1 gxf4 43. Kf3 Rb3+ 44. Kxf4 Rb4 45. g5 hxg5+ 46. Kxg5 Rb1 47. Nf4+ Kf7 48. Nxd5 Rd1 49. Nxb6 Rxd4 50. h6 Kg8 51. Nd7 Rd1 52. Ne5 Rg1+ 53. Ng4 (53. Kf6 $142 Kh7 54. a5 Kxh6 55. a6 Rg3 56. Ke6 Re3 57. a7 Ra3 58. Nc6) 53... Ra1 54. Kg6 Rg1 55. Bd7 Kh8 56. a5 (56. Bf5 $142 Re1 57. a5 Re8 58. Bd3 Rg8+ 59. Kf5 Ra8 60. a6 Rf8+ 61. Kg5) 56... Ra1 {[#]} 57. Ne5 $1 {Weiß setzt Matt.} Rg1+ 58. Bg4 Rh1 59. a6 {Precision: Weiß = 76%, Schwarz = 20%.} 1-0